[Event "Zaragoza Province-ch Primera"]
[Site "Zaragoza"]
[Date "2015.10.04"]
[Round "2"]
[White "Monge Arrufat, Jose Miguel"]
[Black "Sanchez Valles, Jose Maria"]
[Result "0-1"]
[WhiteElo "1661"]
[BlackElo "1782"]
[PlyCount "70"]
[EventDate "2015.09.27"]
[EventType "swiss"]
[EventRounds "6"]
[EventCountry "ESP"]
[SourceTitle "CBM 170 Extra"]
[Source "ChessBase"]
[SourceDate "2016.02.25"]
[SourceVersion "1"]
[SourceVersionDate "2016.02.25"]
[SourceQuality "1"]

1. d4 Nf6 2. c4 e5 3. dxe5 Ng4 4. e4 Nxf2 5. Kxf2 Bc5+ 6. Kg3 Nc6 7. Nf3 0-0 8. Qd5 d6 9. Bg5 Qd7 10. h3 h6 11. exd6 Bxd6+ 12. Bf4 Bxf4+ 13. Kxf4 Qe7 14. Nbd2 Be6 15. Qb5 f6 16. Be2 Qd6+ 17. Ke3 a6 18. Qb3 Qc5+ 19. Kd3 b5 20. a3 bxc4+ 21. Nxc4 Rab8 22. Qc3 Qf2 23. Rae1 Kh7 24. Rhf1 Qc5 25. b4 Qb5 26. Kc2 a5 27. Nxa5 Qa4+ 28. Kd2 Nxa5 29. bxa5 Rfd8+ 30. Kc1 Rb3 31. Qc5 Rxa3 32. Nd2 Ra1+ 33. Nb1 Ba2 34. Kb2 Rb8+ 35. Kc3 Qb3+ 0-1